Perspektívy vývoja obchodno-ekonomických vzťahov EÚ s Azerbajdžanom (s implementáciou na SR) diplomová práca

Guardado en:
Detalles Bibliográficos
Autor principal: Bencel, Andrej
Autor Corporativo: Obchodná fakulta EU. Katedra medzinárodného obchodu
Otros Autores: Kašťáková, Elena, 1974-
Formato: Libro
Lenguaje:eslovaco
Publicado: Bratislava 2017
Etiquetas: Agregar Etiqueta
Sin Etiquetas, Sea el primero en etiquetar este registro!

MARC

LEADER 00000nbm a2200000 4500
001 0230605
005 20170927110907.5
041 0 |a slo 
044 |a SK 
245 1 0 |a Perspektívy vývoja obchodno-ekonomických vzťahov EÚ s Azerbajdžanom (s implementáciou na SR)  |b diplomová práca  |c Andrej Bencel ; školiteľ: Elena Kašťáková 
264 1 |a Bratislava  |c 2017 
300 |a 83 s. 
100 1 |a Bencel, Andrej 
700 1 |a Kašťáková, Elena, 1974- 
710 2 |a Obchodná fakulta EU. Katedra medzinárodného obchodu